[Event "AUT-ch 2018"]
[Site "Vienna"]
[Date "2018.07.27"]
[Round "7"]
[White "Mostbauer, Florian"]
[Black "Windhager, Hannes"]
[Result "1-0"]
[WhiteElo "2319"]
[BlackElo "2203"]
[Annotator "NA"]
[PlyCount "85"]
[EventDate "2018.07.22"]
[EventType "swiss"]
[EventCountry "AUT"]
[SourceTitle "playchess.com"]
[Source "ChessBase"]
[SourceQuality "1"]
[TimeControl "40/5400+30:1800+30"]

1. d4 {[%emt 0:00:00]} Nf6 {[%emt 0:00:05]} 2. Bf4 {[%emt 0:00:00]} c5 {[%emt 0:00:10]} 3. d5 {[%emt 0:01:01]} b5 {[%emt 0:00:32]} 4. a4 {[%emt 0:05:19]} b4 {[%emt 0:01:40]} 5. g4 {[%emt 0:06:10]} d6 {[%emt 0:09:05]} 6. g5 {[%emt 0:02:36]} Nfd7 {[%emt 0:10:35]} 7. e4 {[%emt 0:07:24]} g6 {[%emt 0:05:11]} 8. Nd2 {[%emt 0:01:06]} Bg7 {[%emt 0:01:18]} 9. Rb1 {[%emt 0:01:00]} a5 {[%emt 0:10:32]} 10. h4 {[%emt 0:05:11]} Ne5 {[%emt 0:06:50]} 11. Bb5+ {[%emt 0:24:45]} Bd7 {[%emt 0:01:55]} 12. Be2 {[%emt 0:02:46]} f5 {[%emt 0:11:50]} 13. gxf6 {[%emt 0:02:56]} Bxf6 {[%emt 0:00:58]} 14. Bg3 {[%emt 0:02:47]} Nf7 {[%emt 0:07:22]} 15. f4 {[%emt 0:01:38]} e5 {[%emt 0:05:47]} 16. dxe6 {[%emt 0:05:41]} Bxe6 {[%emt 0:00:05]} 17. Ngf3 {[%emt 0:01:03]} O-O {[%emt 0:02:53]} 18. O-O {[%emt 0:01:11]} d5 {[%emt 0:03:08]} 19. Ng5 {[%emt 0:06:01]} Nxg5 {[%emt 0:01:01]} 20. fxg5 {[%emt 0:00:14]} Bd4+ {[%emt 0:00:59]} 21. Kh2 {[%emt 0:00:14]} Nc6 {[%emt 0:02:26]} 22. exd5 {[%emt 0:04:24]} Bxd5 {[%emt 0:01:33]} 23. Nb3 {[%emt 0:00:55]} Rxf1 {[%emt 0:03:12]} 24. Qxf1 {[%emt 0:00:22]} Bxb3 {[%emt 0:03:55]} 25. cxb3 {[%emt 0:00:07]} Ne5 {[%emt 0:00:57]} 26. Qg2 {[%emt 0:04:29]} Ra7 {[%emt 0:01:35]} 27. Rd1 {[%emt 0:00:39]} Qd7 {[%emt 0:03:44]} 28. Qe4 {[%emt 0:00:43]} Nf7 {[%emt 0:02:07]} 29. Bc4 {[%emt 0:05:49]} Qe7 {[%emt 0:00:44]} 30. Qc6 {[%emt 0:02:23]} Qd7 {[%emt 0:01:00]} 31. Qf3 {[%emt 0:01:27]} Qf5 {[%emt 0:01:30]} 32. Qxf5 {[%emt 0:00:31]} gxf5 {[%emt 0:00:04]} 33. Rf1 {[%emt 0:00:12]} Kg7 {[%emt 0:00:53]} 34. Rxf5 {[%emt 0:00:11]} Bxb2 {[%emt 0:00:40]} 35. Rxc5 {[%emt 0:00:19]} Bd4 {[%emt 0:00:38]} 36. Rd5 {[%emt 0:00:08]} Bc3 {[%emt 0:00:17]} 37. Kh3 {[%emt 0:00:11]} h6 {[%emt 0:00:21]} 38. Kg4 {[%emt 0:01:49]} hxg5 {[%emt 0:00:09]} 39. hxg5 {[%emt 0:00:14]} Re7 {[%emt 0:01:06]} 40. Kf5 {[%emt 0:02:07]} Ra7 {[%emt 0:30:53]} 41. Bf4 {[%emt 0:31:58]} Be1 {[%emt 0:00:00]} 42. Rc5 {[%emt 0:00:00]} Re7 {[%emt 0:00:00]} 43. Rc7 {[%emt 0:00:00]} 1-0

[Event "AUT-ch 2018"]
[Site "Vienna"]
[Date "2018.07.27"]
[Round "7"]
[White "Vitouch, Anatol"]
[Black "Fauland, Alexander"]
[Result "0-1"]
[WhiteElo "2317"]
[BlackElo "2419"]
[Annotator "NA"]
[PlyCount "76"]
[EventDate "2018.07.22"]
[EventType "swiss"]
[EventCountry "AUT"]
[SourceTitle "playchess.com"]
[Source "ChessBase"]
[SourceQuality "1"]
[TimeControl "40/5400+30:1800+30"]

1. d4 {[%emt 0:00:00]} Nf6 {[%emt 0:00:48]} 2. Bg5 {[%emt 0:00:00]} e6 {[%emt 0:01:10]} 3. e4 {[%emt 0:00:00]} h6 {[%emt 0:00:39]} 4. Bxf6 {[%emt 0:00:00]} Qxf6 {[%emt 0:00:07]} 5. c3 {[%emt 0:00:16]} d6 {[%emt 0:00:07]} 6. Bd3 {[%emt 0:00:41]} Nd7 {[%emt 0:04:41]} 7. Ne2 {[%emt 0:00:23]} c6 {[%emt 0:02:58]} 8. O-O {[%emt 0:00:40]} e5 {[%emt 0:00:25]} 9. f4 {[%emt 0:00:50]} Qe7 {[%emt 0:05:52]} 10. Nd2 {[%emt 0:00:41]} g6 {[%emt 0:05:04]} 11. f5 {[%emt 0:04:16]} gxf5 {[%emt 0:02:34]} 12. exf5 {[%emt 0:01:02]} d5 {[%emt 0:08:34]} 13. dxe5 {[%emt 0:20:34]} Nxe5 {[%emt 0:00:21]} 14. Nf3 {[%emt 0:13:25]} Ng4 {[%emt 0:05:43]} 15. Qd2 {[%emt 0:01:00]} h5 {[%emt 0:00:40]} 16. Nf4 {[%emt 0:02:35]} Kd8 {[%emt 0:02:11]} 17. Rae1 {[%emt 0:01:37]} Qf6 {[%emt 0:03:51]} 18. c4 {[%emt 0:05:16]} dxc4 {[%emt 0:08:34]} 19. Bxc4+ {[%emt 0:02:30]} Kc7 {[%emt 0:00:47]} 20. Ng5 {[%emt 0:21:07]} Bc5+ {[%emt 0:06:42]} 21. Kh1 {[%emt 0:00:04]} Rd8 {[%emt 0:03:47]} 22. Nd3 {[%emt 0:01:30]} Be3 {[%emt 0:05:50]} 23. Rxe3 {[%emt 0:06:53]} Qxg5 {[%emt 0:00:07]} 24. Rf4 {[%emt 0:01:42]} Nxe3 {[%emt 0:02:37]} 25. Qxe3 {[%emt 0:00:32]} Rd6 {[%emt 0:02:25]} 26. h4 {[%emt 0:01:20]} Qf6 {[%emt 0:12:54]} 27. Ne5 {[%emt 0:02:25]} Bd7 {[%emt 0:05:43]} 28. Nxf7 {[%emt 0:00:37]} Rd1+ {[%emt 0:03:38]} 29. Kh2 {[%emt 0:00:07]} Re8 {[%emt 0:01:50]} 30. Qxa7 {[%emt 0:00:11]} Qxb2 {[%emt 0:00:11]} 31. Qa5+ {[%emt 0:07:03]} Kb8 {[%emt 0:01:00]} 32. Rf3 {[%emt 0:01:48]} Qd4 {[%emt 0:00:50]} 33. Bf1 {[%emt 0:03:21]} Qxh4+ {[%emt 0:00:50]} 34. Kg1 {[%emt 0:00:04]} Rd5 {[%emt 0:01:57]} 35. Qb6 {[%emt 0:01:08]} Bxf5 {[%emt 0:01:03]} 36. Nd6 {[%emt 0:01:18]} Rxd6 {[%emt 0:00:25]} 37. Rxf5 {[%emt 0:00:07]} Rf6 {[%emt 0:00:30]} 38. Ra5 {[%emt 0:01:18]} Rxf1+ {[%emt 0:00:13]} 0-1

[Event "AUT-ch 2018"]
[Site "Vienna"]
[Date "2018.07.27"]
[Round "7"]
[White "Wallner, Joachim"]
[Black "Ager, Josef"]
[Result "1-0"]
[WhiteElo "2311"]
[BlackElo "2154"]
[Annotator "NA"]
[PlyCount "53"]
[EventDate "2018.07.22"]
[EventType "swiss"]
[EventCountry "AUT"]
[SourceTitle "playchess.com"]
[Source "ChessBase"]
[SourceQuality "1"]
[TimeControl "40/5400+30:1800+30"]

1. b3 {[%emt 0:00:00]} g6 {[%emt 0:00:18]} 2. Bb2 {[%emt 0:00:00]} Nf6 {[%emt 0:00:05]} 3. Nf3 {[%emt 0:01:19]} Bg7 {[%emt 0:00:10]} 4. g3 {[%emt 0:00:35]} O-O {[%emt 0:00:08]} 5. Bg2 {[%emt 0:00:02]} Nc6 {[%emt 0:00:19]} 6. O-O {[%emt 0:01:32]} a6 {[%emt 0:00:29]} 7. c4 {[%emt 0:01:04]} Rb8 {[%emt 0:00:45]} 8. d4 {[%emt 0:05:58]} d6 9. Nbd2 {[%emt 0:00:30]} b5 {[%emt 0:07:17]} 10. d5 {[%emt 0:02:57]} Na5 {[%emt 0:00:08]} 11. cxb5 {[%emt 0:00:37]} axb5 {[%emt 0:00:12]} 12. Nd4 {[%emt 0:02:53]} e5 {[%emt 0:10:50]} 13. Nc6 {[%emt 0:05:53]} Nxc6 {[%emt 0:00:06]} 14. dxc6 {[%emt 0:00:04]} Nh5 {[%emt 0:01:46]} 15. b4 {[%emt 0:03:39]} f5 {[%emt 0:04:41]} 16. Nb3 {[%emt 0:03:02]} f4 {[%emt 0:01:42]} 17. Na5 {[%emt 0:00:41]} Qe8 {[%emt 0:04:48]} 18. Nb7 {[%emt 0:13:18]} Kh8 {[%emt 0:03:12]} 19. Qd3 {[%emt 0:08:13]} g5 {[%emt 0:04:44]} 20. a4 {[%emt 0:01:05]} Nf6 {[%emt 0:00:42]} 21. Qxb5 {[%emt 0:02:10]} Bxb7 {[%emt 0:04:11]} 22. cxb7 {[%emt 0:00:05]} Qxb5 {[%emt 0:00:04]} 23. axb5 {[%emt 0:00:04]} e4 {[%emt 0:00:10]} 24. Ra7 {[%emt 0:01:31]} d5 {[%emt 0:01:20]} 25. Rc1 {[%emt 0:03:38]} Ne8 {[%emt 0:01:57]} 26. Bxg7+ {[%emt 0:00:37]} Kxg7 {[%emt 0:00:06]} 27. Bf1 1-0

[Event "AUT-ch 2018"]
[Site "Vienna"]
[Date "2018.07.27"]
[Round "7"]
[White "Gerhold, Michael"]
[Black "Hapala, Elisabeth"]
[Result "1-0"]
[WhiteElo "2254"]
[BlackElo "2131"]
[Annotator "NA"]
[PlyCount "37"]
[EventDate "2018.07.22"]
[EventType "swiss"]
[EventCountry "AUT"]
[SourceTitle "playchess.com"]
[Source "ChessBase"]
[SourceQuality "1"]
[TimeControl "40/5400+30:1800+30"]

1. d4 {[%emt 0:00:00]} Nf6 {[%emt 0:00:15]} 2. Nf3 {[%emt 0:00:00]} e6 {[%emt 0:00:21]} 3. e3 {[%emt 0:00:00]} c5 {[%emt 0:01:05]} 4. Bd3 {[%emt 0:00:12]} d5 {[%emt 0:01:55]} 5. b3 {[%emt 0:00:18]} Nc6 {[%emt 0:00:55]} 6. O-O {[%emt 0:00:37]} Be7 {[%emt 0:01:52]} 7. Bb2 {[%emt 0:00:50]} O-O {[%emt 0:00:38]} 8. c4 {[%emt 0:02:07]} cxd4 {[%emt 0:07:59]} 9. exd4 {[%emt 0:00:21]} b6 {[%emt 0:01:07]} 10. Nc3 {[%emt 0:01:01]} Bb7 {[%emt 0:02:25]} 11. Rc1 {[%emt 0:00:56]} Rc8 {[%emt 0:00:37]} 12. Qe2 {[%emt 0:00:08]} dxc4 {[%emt 0:12:16]} 13. bxc4 {[%emt 0:00:49]} Nxd4 {[%emt 0:01:18]} 14. Nxd4 {[%emt 0:00:10]} Qxd4 {[%emt 0:00:02]} 15. Nd5 {[%emt 0:03:24]} Qc5 {[%emt 0:00:22]} 16. Bxf6 {[%emt 0:02:12]} gxf6 {[%emt 0:06:18]} 17. Nxe7+ {[%emt 0:00:50]} Qxe7 {[%emt 0:00:04]} 18. Qg4+ {[%emt 0:00:10]} Kh8 {[%emt 0:00:03]} 19. Qh4 {[%emt 0:00:06]} 1-0

[Event "AUT-ch 2018"]
[Site "Vienna"]
[Date "2018.07.27"]
[Round "7"]
[White "Ly, Dominik"]
[Black "Hiermann, Dietmar"]
[Result "1/2-1/2"]
[WhiteElo "2217"]
[BlackElo "2202"]
[Annotator "NA"]
[PlyCount "95"]
[EventDate "2018.07.22"]
[EventType "swiss"]
[EventCountry "AUT"]
[SourceTitle "playchess.com"]
[Source "ChessBase"]
[SourceQuality "1"]
[TimeControl "40/5400+30:1800+30"]

1. d4 {[%emt 0:00:00]} Nf6 {[%emt 0:00:34]} 2. c4 {[%emt 0:00:00]} e6 {[%emt 0:01:12]} 3. Nc3 {[%emt 0:00:04]} d5 {[%emt 0:00:54]} 4. Nf3 {[%emt 0:00:15]} Be7 {[%emt 0:01:36]} 5. Bf4 {[%emt 0:00:22]} O-O {[%emt 0:00:57]} 6. e3 {[%emt 0:00:23]} c6 {[%emt 0:03:40]} 7. h3 {[%emt 0:00:23]} Nbd7 {[%emt 0:00:19]} 8. a3 {[%emt 0:00:11]} dxc4 {[%emt 0:03:52]} 9. Bxc4 {[%emt 0:00:13]} Nd5 {[%emt 0:00:09]} 10. Bh2 {[%emt 0:01:10]} Nxc3 {[%emt 0:01:29]} 11. bxc3 {[%emt 0:00:09]} Qa5 {[%emt 0:01:36]} 12. Qc2 {[%emt 0:02:41]} b6 {[%emt 0:04:33]} 13. O-O {[%emt 0:14:41]} Ba6 {[%emt 0:03:40]} 14. Bxa6 {[%emt 0:00:35]} Qxa6 {[%emt 0:00:01]} 15. e4 {[%emt 0:00:17]} Rac8 {[%emt 0:01:45]} 16. a4 {[%emt 0:09:03]} Rfd8 {[%emt 0:06:40]} 17. Rad1 {[%emt 0:01:49]} Bf6 {[%emt 0:17:23]} 18. Bd6 {[%emt 0:10:10]} g6 {[%emt 0:03:58]} 19. e5 {[%emt 0:06:08]} Bg7 {[%emt 0:00:06]} 20. Qe4 {[%emt 0:05:51]} Nf8 {[%emt 0:09:49]} 21. Qf4 {[%emt 0:03:04]} Rd7 {[%emt 0:17:27]} 22. h4 {[%emt 0:03:36]} Qxa4 {[%emt 0:05:08]} 23. Ng5 {[%emt 0:03:34]} Bh6 {[%emt 0:07:52]} 24. Rd3 {[%emt 0:10:57]} Rcd8 {[%emt 0:03:34]} 25. Qg4 {[%emt 0:07:07]} Rxd6 {[%emt 0:02:43]} 26. exd6 {[%emt 0:00:13]} Rxd6 {[%emt 0:00:17]} 27. Qg3 {[%emt 0:00:35]} Rd5 {[%emt 0:01:01]} 28. Ne4 {[%emt 0:04:09]} Bg7 {[%emt 0:00:13]} 29. Qf3 {[%emt 0:06:01]} Qa6 {[%emt 0:01:12]} 30. Rdd1 {[%emt 0:00:20]} Nd7 {[%emt 0:00:25]} 31. Qf4 {[%emt 0:01:20]} Qc8 {[%emt 0:01:04]} 32. c4 {[%emt 0:03:22]} Rf5 {[%emt 0:00:03]} 33. Qg3 {[%emt 0:01:12]} Ra5 {[%emt 0:00:19]} 34. Qe3 {[%emt 0:00:51]} Nf6 {[%emt 0:00:24]} 35. Ra1 {[%emt 0:02:49]} Rxa1 {[%emt 0:00:46]} 36. Rxa1 {[%emt 0:00:06]} Nxe4 {[%emt 0:00:03]} 37. Qxe4 {[%emt 0:00:06]} Qd7 {[%emt 0:00:12]} 38. Rd1 {[%emt 0:00:30]} h5 {[%emt 0:00:50]} 39. Rd3 {[%emt 0:01:23]} Bf6 {[%emt 0:00:23]} 40. g3 {[%emt 0:03:03]} Kg7 {[%emt 0:30:25]} 41. Qe3 {[%emt 0:30:14]} b5 {[%emt 0:01:50]} 42. cxb5 {[%emt 0:00:00]} cxb5 {[%emt 0:00:00]} 43. Qd2 {[%emt 0:00:00]} Qd5 {[%emt 0:00:00]} 44. Qc3 {[%emt 0:00:00]} Bd8 {[%emt 0:00:00]} 45. Re3 {[%emt 0:00:00]} Bf6 {[%emt 0:00:00]} 46. Rd3 {[%emt 0:00:00]} Bd8 {[%emt 0:00:00]} 47. Re3 {[%emt 0:00:00]} Bf6 {[%emt 0:01:33]} 48. Rd3 1/2-1/2

[Event "AUT-ch 2018"]
[Site "Vienna"]
[Date "2018.07.27"]
[Round "7"]
[White "Peyrer, Konstantin"]
[Black "Froewis, Annika"]
[Result "1-0"]
[WhiteElo "2209"]
[BlackElo "2128"]
[Annotator "NA"]
[PlyCount "83"]
[EventDate "2018.07.22"]
[EventType "swiss"]
[EventCountry "AUT"]
[SourceTitle "playchess.com"]
[Source "ChessBase"]
[SourceQuality "1"]
[TimeControl "40/5400+30:1800+30"]

1. d4 {[%emt 0:00:00]} d5 {[%emt 0:00:07]} 2. Bf4 {[%emt 0:00:00]} Nf6 {[%emt 0:00:42]} 3. e3 {[%emt 0:00:00]} c5 {[%emt 0:00:41]} 4. c3 {[%emt 0:00:00]} Nc6 {[%emt 0:00:31]} 5. Nd2 {[%emt 0:00:00]} e6 {[%emt 0:00:25]} 6. Ngf3 {[%emt 0:00:00]} cxd4 {[%emt 0:00:51]} 7. exd4 {[%emt 0:00:07]} Nh5 {[%emt 0:00:18]} 8. Be3 {[%emt 0:01:02]} Bd6 {[%emt 0:00:27]} 9. Ne5 {[%emt 0:01:12]} g6 {[%emt 0:00:37]} 10. Ndf3 {[%emt 0:00:37]} f6 {[%emt 0:03:55]} 11. Nxc6 {[%emt 0:00:53]} bxc6 {[%emt 0:00:02]} 12. Bh6 {[%emt 0:00:08]} e5 {[%emt 0:04:18]} 13. Qa4 {[%emt 0:06:39]} Bd7 {[%emt 0:06:20]} 14. g4 {[%emt 0:02:32]} e4 {[%emt 0:18:43]} 15. gxh5 {[%emt 0:04:26]} exf3 {[%emt 0:00:06]} 16. Bd3 {[%emt 0:01:11]} g5 {[%emt 0:05:12]} 17. O-O-O {[%emt 0:04:51]} f5 {[%emt 0:04:56]} 18. Bg7 {[%emt 0:05:53]} Rg8 {[%emt 0:03:46]} 19. Be5 {[%emt 0:01:40]} Bxe5 {[%emt 0:08:21]} 20. Rhe1 {[%emt 0:00:20]} Kf7 {[%emt 0:06:30]} 21. dxe5 {[%emt 0:02:35]} Be6 {[%emt 0:06:22]} 22. Qxc6 {[%emt 0:06:11]} Qb6 {[%emt 0:01:37]} 23. Qxb6 {[%emt 0:02:31]} axb6 {[%emt 0:00:02]} 24. a3 {[%emt 0:01:48]} g4 {[%emt 0:04:55]} 25. h4 {[%emt 0:05:08]} Kg7 {[%emt 0:10:56]} 26. Bb5 {[%emt 0:04:31]} Rad8 {[%emt 0:02:26]} 27. Rd4 {[%emt 0:01:18]} Kh6 {[%emt 0:01:07]} 28. Kd2 {[%emt 0:00:09]} Kxh5 {[%emt 0:00:48]} 29. Ke3 {[%emt 0:00:06]} Kxh4 {[%emt 0:06:56]} 30. Rh1+ {[%emt 0:00:20]} Kg5 {[%emt 0:00:02]} 31. Rxh7 {[%emt 0:00:07]} Rh8 {[%emt 0:02:29]} 32. Rg7+ {[%emt 0:00:23]} Kh6 {[%emt 0:01:12]} 33. Rb7 {[%emt 0:01:12]} Rb8 {[%emt 0:00:35]} 34. Re7 {[%emt 0:00:06]} Bg8 {[%emt 0:00:31]} 35. Kf4 {[%emt 0:00:15]} Kg6 {[%emt 0:00:32]} 36. Be8+ {[%emt 0:00:11]} Kh6 {[%emt 0:00:23]} 37. Rd1 {[%emt 0:00:31]} Rxe8 {[%emt 0:00:43]} 38. Rxe8 {[%emt 0:00:06]} Kg7 {[%emt 0:00:18]} 39. e6 {[%emt 0:01:39]} Rh6 {[%emt 0:00:43]} 40. Re1 {[%emt 0:00:29]} Rf6 {[%emt 0:30:32]} 41. Rxg8+ {[%emt 0:30:11]} Kxg8 {[%emt 0:00:11]} 42. e7 {[%emt 0:00:07]} 1-0

[Event "AUT-ch 2018"]
[Site "Vienna"]
[Date "2018.07.27"]
[Round "7"]
[White "Bauer, Thomas"]
[Black "Zojer, Stefan"]
[Result "1-0"]
[WhiteElo "2181"]
[BlackElo "2108"]
[Annotator "NA"]
[PlyCount "89"]
[EventDate "2018.07.22"]
[EventType "swiss"]
[EventCountry "AUT"]
[SourceTitle "playchess.com"]
[Source "ChessBase"]
[SourceQuality "1"]
[TimeControl "40/5400+30:1800+30"]

1. e4 {[%emt 0:00:00]} e5 {[%emt 0:00:04]} 2. Nf3 {[%emt 0:00:00]} Nc6 {[%emt 0:00:04]} 3. Bc4 {[%emt 0:00:00]} Bc5 {[%emt 0:00:06]} 4. d3 {[%emt 0:00:00]} Nf6 {[%emt 0:00:19]} 5. O-O {[%emt 0:00:00]} O-O {[%emt 0:01:03]} 6. Nbd2 {[%emt 0:00:00]} d5 {[%emt 0:04:56]} 7. exd5 {[%emt 0:00:01]} Nxd5 {[%emt 0:00:24]} 8. a4 {[%emt 0:00:03]} Be6 {[%emt 0:06:32]} 9. Re1 {[%emt 0:02:26]} f6 {[%emt 0:05:27]} 10. c3 {[%emt 0:04:26]} Re8 {[%emt 0:06:33]} 11. a5 {[%emt 0:08:19]} Qd7 {[%emt 0:10:23]} 12. Ne4 {[%emt 0:09:05]} Bf8 {[%emt 0:03:59]} 13. a6 {[%emt 0:06:36]} bxa6 {[%emt 0:11:18]} 14. Rxa6 {[%emt 0:10:15]} Rab8 {[%emt 0:03:46]} 15. d4 {[%emt 0:07:38]} Nb6 {[%emt 0:05:17]} 16. Nc5 {[%emt 0:16:47]} Bxc5 {[%emt 0:01:03]} 17. Bxe6+ {[%emt 0:00:14]} Qxe6 {[%emt 0:00:57]} 18. dxc5 {[%emt 0:01:09]} Qc4 {[%emt 0:12:14]} 19. cxb6 {[%emt 0:04:01]} Qxa6 {[%emt 0:00:55]} 20. Qd5+ {[%emt 0:00:10]} Kh8 {[%emt 0:00:28]} 21. Qxc6 {[%emt 0:00:09]} cxb6 {[%emt 0:00:36]} 22. h4 {[%emt 0:04:33]} Red8 {[%emt 0:00:59]} 23. h5 {[%emt 0:01:23]} Rbc8 {[%emt 0:01:14]} 24. Qe6 {[%emt 0:02:07]} Qc4 {[%emt 0:01:30]} 25. Qe7 {[%emt 0:02:00]} Qc7 {[%emt 0:01:11]} 26. Qa3 {[%emt 0:01:05]} Qf7 {[%emt 0:01:36]} 27. h6 {[%emt 0:01:04]} g5 {[%emt 0:00:54]} 28. Qa4 {[%emt 0:04:09]} Rc7 {[%emt 0:01:41]} 29. Qg4 {[%emt 0:03:04]} Qf8 {[%emt 0:02:50]} 30. Qh3 {[%emt 0:02:26]} Rc4 {[%emt 0:00:53]} 31. Qe6 {[%emt 0:00:49]} Rc5 {[%emt 0:02:20]} 32. b3 {[%emt 0:05:37]} Rd6 {[%emt 0:02:51]} 33. Qf5 {[%emt 0:00:57]} Qc8 {[%emt 0:01:36]} 34. Qe4 {[%emt 0:01:25]} Qc6 {[%emt 0:02:33]} 35. Qg4 {[%emt 0:03:03]} Qc8 {[%emt 0:03:08]} 36. Qh5 {[%emt 0:00:47]} Rxc3 {[%emt 0:00:35]} 37. Bb2 {[%emt 0:01:16]} Rxb3 {[%emt 0:02:36]} 38. Nxg5 {[%emt 0:00:54]} Rd7 {[%emt 0:02:19]} 39. Ba1 {[%emt 0:00:57]} Qg8 {[%emt 0:01:05]} 40. Ne4 {[%emt 0:00:29]} Qf7 {[%emt 0:31:36]} 41. Qf5 {[%emt 0:01:55]} Rbd3 {[%emt 0:00:00]} 42. Bxe5 {[%emt 0:07:01]} fxe5 {[%emt 0:00:00]} 43. Qxe5+ {[%emt 0:00:09]} Kg8 {[%emt 0:00:00]} 44. Nf6+ {[%emt 0:00:04]} Kf8 {[%emt 0:00:00]} 45. Nxh7+ {[%emt 0:00:09]} 1-0

[Event "AUT-ch 2018"]
[Site "Vienna"]
[Date "2018.07.27"]
[Round "7"]
[White "Newrkla, Katharina"]
[Black "Morgunov, Daniel"]
[Result "0-1"]
[WhiteElo "2175"]
[BlackElo "2346"]
[Annotator "NA"]
[PlyCount "106"]
[EventDate "2018.07.22"]
[EventType "swiss"]
[EventCountry "AUT"]
[SourceTitle "playchess.com"]
[Source "ChessBase"]
[SourceQuality "1"]
[TimeControl "40/5400+30:1800+30"]

1. e4 {[%emt 0:00:00]} c5 {[%emt 0:00:04]} 2. Nc3 {[%emt 0:00:00]} d6 {[%emt 0:00:18]} 3. f4 {[%emt 0:00:00]} g6 {[%emt 0:01:11]} 4. Nf3 {[%emt 0:00:01]} Bg7 {[%emt 0:00:04]} 5. Bb5+ {[%emt 0:01:37]} Bd7 {[%emt 0:05:44]} 6. Bc4 {[%emt 0:02:04]} Nc6 {[%emt 0:01:36]} 7. d3 {[%emt 0:02:35]} Nf6 {[%emt 0:01:35]} 8. O-O {[%emt 0:06:42]} O-O {[%emt 0:00:49]} 9. Qe1 {[%emt 0:05:52]} Nd4 {[%emt 0:16:27]} 10. Nxd4 {[%emt 0:25:47]} cxd4 {[%emt 0:00:09]} 11. Ne2 {[%emt 0:00:27]} d5 {[%emt 0:13:56]} 12. exd5 {[%emt 0:01:55]} Ba4 {[%emt 0:00:28]} 13. f5 {[%emt 0:08:01]} Nxd5 {[%emt 0:04:31]} 14. Nf4 {[%emt 0:05:53]} Nxf4 {[%emt 0:04:24]} 15. Bxf4 {[%emt 0:01:02]} Rc8 {[%emt 0:07:01]} 16. Bg5 {[%emt 0:07:29]} Rc7 {[%emt 0:02:19]} 17. fxg6 {[%emt 0:02:18]} hxg6 {[%emt 0:01:15]} 18. Qf2 {[%emt 0:03:44]} Qe8 {[%emt 0:05:15]} 19. Rae1 {[%emt 0:01:48]} b5 {[%emt 0:04:24]} 20. Bb3 {[%emt 0:04:54]} Bxb3 {[%emt 0:00:13]} 21. cxb3 {[%emt 0:00:21]} e6 {[%emt 0:04:52]} 22. Rc1 {[%emt 0:03:47]} Qd7 {[%emt 0:02:14]} 23. Rxc7 {[%emt 0:04:02]} Qxc7 {[%emt 0:00:05]} 24. Rc1 {[%emt 0:00:07]} Qe5 {[%emt 0:05:44]} 25. Bd2 {[%emt 0:01:32]} Rd8 {[%emt 0:01:00]} 26. Qf3 {[%emt 0:04:45]} Bf8 {[%emt 0:04:05]} 27. g3 {[%emt 0:01:19]} Rd5 {[%emt 0:01:38]} 28. Rc8 {[%emt 0:05:02]} Rc5 {[%emt 0:00:41]} 29. Qa8 {[%emt 0:00:46]} Rxc8 {[%emt 0:00:27]} 30. Qxc8 {[%emt 0:00:01]} Qc5 {[%emt 0:01:48]} 31. Qd8 {[%emt 0:00:38]} Kh7 {[%emt 0:03:48]} 32. Qf6 {[%emt 0:00:33]} Kg8 {[%emt 0:02:27]} 33. Qd8 {[%emt 0:00:39]} Kg7 {[%emt 0:01:57]} 34. Bg5 {[%emt 0:00:15]} e5 {[%emt 0:03:07]} 35. Qf6+ {[%emt 0:00:43]} Kg8 {[%emt 0:00:07]} 36. b4 {[%emt 0:00:26]} Qd6 {[%emt 0:00:37]} 37. Qxd6 {[%emt 0:00:43]} Bxd6 {[%emt 0:00:03]} 38. Bf6 {[%emt 0:00:19]} Kf8 {[%emt 0:00:33]} 39. Kf2 {[%emt 0:00:32]} Ke8 {[%emt 0:00:13]} 40. g4 {[%emt 0:00:42]} Kd7 {[%emt 0:30:14]} 41. Kf3 {[%emt 0:14:25]} Ke6 {[%emt 0:00:00]} 42. g5 {[%emt 0:01:52]} Be7 {[%emt 0:00:00]} 43. Bxe7 {[%emt 0:00:56]} Kxe7 {[%emt 0:00:00]} 44. b3 {[%emt 0:05:36]} Ke6 {[%emt 0:00:00]} 45. Kg4 {[%emt 0:02:47]} Kd6 {[%emt 0:00:00]} 46. Kg3 {[%emt 0:00:49]} a6 {[%emt 0:00:00]} 47. h3 {[%emt 0:01:38]} e4 {[%emt 0:00:00]} 48. dxe4 {[%emt 0:00:52]} Ke5 {[%emt 0:00:00]} 49. Kf3 {[%emt 0:00:07]} d3 {[%emt 0:00:00]} 50. Ke3 {[%emt 0:00:03]} d2 {[%emt 0:00:00]} 51. Kxd2 {[%emt 0:00:04]} Kxe4 {[%emt 0:00:00]} 52. a4 {[%emt 0:03:08]} Kf4 {[%emt 0:00:00]} 53. axb5 {[%emt 0:02:49]} axb5 {[%emt 0:00:00]} 0-1

[Event "AUT-ch 2018"]
[Site "Vienna"]
[Date "2018.07.27"]
[Round "7"]
[White "Schnegg, Anna-Lena"]
[Black "Neubauer, Martin"]
[Result "1/2-1/2"]
[WhiteElo "2175"]
[BlackElo "2439"]
[Annotator "TA"]
[PlyCount "104"]
[EventDate "2018.07.22"]
[EventType "swiss"]
[EventCountry "AUT"]
[SourceTitle "playchess.com"]
[Source "ChessBase"]
[SourceQuality "1"]

{[%evp 10,104,4,1,15,10,20,-3,-6,-9,6,6,6,0,12,12,12,11,28,19,20,16,25,23,25,0,0,0,6,14,24,0,0,-2,17,0,35,0,18,3,64,60,59,60,52,64,78,78,83,60,71,64,75,0,26,32,341,102,104,99,143,73,76,52,97,89,87,76,58,72,75,0,0,0,0,0,0,0,0,0,-2,-18,0,-2,-8,-77,0,0,0,0,0,0,0,0,0,0,0]} 1. c4 e5 2. Nc3 Nf6 3. g3 c6 4. d4 exd4 5. Qxd4 d5 6. Nf3 {LiveBook: 29 Games} Be6 {A23: English Opening: 1...e5 2 Nc3 Nf6 3 g3 c6} 7. cxd5 cxd5 8. e3 $146 ({Predecessor:} 8. Bg2 Nc6 9. Qa4 Bc5 10. O-O O-O 11. Ng5 h6 12. Nxe6 fxe6 13. a3 Rc8 14. e3 Qe7 15. Bd2 Ne5 16. Rad1 Qf7 17. h3 Qh5 18. Qb5 Nf3+ 19. Bxf3 Qxf3 {½-½ (71) Jones,G (2661)-Edouard,R (2659) London 2014}) 8... Nc6 9. Qd3 g6 10. Nd4 Bg7 11. Bg2 O-O 12. Nxe6 fxe6 13. O-O Qe7 14. Bd2 Rad8 15. Rac1 a6 16. Ne2 Ne4 17. Bc3 Nxc3 18. Nxc3 Ne5 19. Qe2 Rf7 20. Rc2 Kh8 21. Rfc1 Nc4 22. e4 {[%cal Re4d5]} Bd4 23. Nd1 Ne5 24. Rc8 Nc6 (24... Kg7 $11) 25. Rxd8+ $14 Qxd8 26. exd5 exd5 27. Qd2 Ba7 28. Qxd5 ({But not} 28. Bxd5 $2 Rf5 $19) 28... Rd7 29. Qf3 Ne5 {[#]} 30. Qe2 $1 {[%cal Re2e5]} Nd3 31. Rb1 (31. Rc4 $16) 31... Re7 32. Be4 Qd4 $2 {[%mdl 8192] [#]} ({Better is} 32... Nc5 $1 $14 33. Nc3 Nxe4 34. Nxe4 Qd5) 33. Qxd3 $2 (33. Qf3 $1 $18 {[%cal Rf3f8]} Nf4 34. Qxf4) 33... Rxe4 $16 34. Qf3 {[%cal Rf3f8]} Re8 35. Ne3 (35. Qxb7 $142 Re1+ 36. Kg2) 35... Qg7 36. b3 Rf8 37. Qe4 Qf7 38. Qe5+ Kg8 39. Rf1 Re8 40. Qd5 (40. Qc3 $16) 40... Qxd5 $11 41. Nxd5 {[%mdl 4096] Endgame Hoping for Nf6+. KRB-KRN} Re2 $1 42. Ne3 (42. Nc3 {keeps more tension.} Rc2 43. Ne4 Re2 44. Nd6 b5 45. a4) 42... Rxa2 {Threatening ...Rb2.} 43. Rd1 Bxe3 44. fxe3 {KR-KR} b5 45. Rd7 b4 46. Rb7 a5 47. e4 (47. Rb5 $11) 47... Re2 (47... h6 $17) 48. Rb5 {The position is equal.} Rxe4 49. Kf2 Rd4 50. Ke2 Re4+ 51. Kf2 Rd4 52. Ke2 Re4+ {Precision: White = 52%, Black = 40%.} 1/2-1/2